01336 2200337 4500001002100000005001500021035002000036007000300056008004100059020002200100082001000122084001900132100001900151245016600170250003400336300003100370650001400401700003100415700003200446700002400478520029100502740001400793264004100807336002100848337003000869338002300899504002800922990001600950990001600966990001600982INLIS00000000004412620220510031859 a0010-0522000007ta220510 e 0 ind  a978-602-291-853-0 a158.1 aSR 158.1 TOM b0 aTom Vanderbilt1 aBeginners :bpanduan bagi kita yang ingin belajar banyak hal baru /cTom Vanderbilt, penerjemah; Reni Indardini, penyunting; Nurjannah Intan, Dhewiberta Hardjono acetakan pertama, Oktober 2021 axx, 280 halaman ;c23,5 cm 4apsikologi0 aReni Indardiniepenerjemah0 aNurjannah intanepenyunting0 aDhewiberta Hardjono aterinspirasi dari anak perempuanya yang selalu ingin tahu cara melakukan hampir semua hal, vanderbilt memutusukan untuk meluangkan waktu satu tahun penuh demi "bersenang - senang sambil belajar" dia mempelajari 5 ketrampilan utama : catur, menyanyi, berselancar, menggambar dan jugling. aBeginners aYogyakarta :bBentang Pustaka,c2021 2rdacontentateks 2rdamediaatanpa perantara 2rdacarrieravolume abibliografi halaman 240 a49291.62110 a49291.62110 a49291.62110